đŸ‡©đŸ‡ż Quiz : Reconnais-tu ces plats algĂ©riens ? - Statistiques

Statistiques générales
  • Ce quiz a Ă©tĂ© pris 360 fois
  • Le rĂ©sultat moyen est 4 sur 10
Statistiques - réponses
Par images Réponse % Correct
Couscous
100%
Bourek
70%
Rechta
64%
Tlitli
41%
Mhadjeb
26%
Chorba Frik
24%
Chakhchoukha
21%
Mtewem
13%
Zviti
12%
Doubara
2%
Aucun quiz correspondant
Distribution des résultats
% des personnes avec chaque résultat
Percentile par nombre de réponses
Votre historique - résultats
Vous n’avez pas pris ce quiz